Erőszak a reklámban, erőszak a képernyőn

Bibliographic Details
Main Author: Juhász Csenge
Other Authors: Zelena Dr. András
Format: Thesis
Kulcsszavak:Erőszak
Reklám
Média
Televízió
Szekunder kutatás
Online Access:http://dolgozattar.uni-bge.hu/15927

MARC

LEADER 00000nta a2200000 i 4500
001 dolg15927
005 20210325155507.0
008 180514suuuu hu om 000 hun d
040 |a BGE Dolgozattár Repozitórium  |b hun 
041 |a hu 
100 1 |a Juhász Csenge 
245 1 0 |a Erőszak a reklámban, erőszak a képernyőn  |c Juhász Csenge  |h [elektronikus dokumentum] 
695 |a Erőszak 
695 |a Reklám 
695 |a Média 
695 |a Televízió 
695 |a Szekunder kutatás 
700 1 |a Zelena Dr. András  |e ths 
856 4 0 |u http://dolgozattar.uni-bge.hu/15927/1/Szakdolgozat%201.pdf  |z Dokumentum-elérés